| 000 | 01301nam a22002777a 4500 | ||
|---|---|---|---|
| 005 | 20170411151730.0 | ||
| 008 | 140714b xxu||||| |||| 00| 0 Urdu d | ||
| 010 | _aUR-132 B-548030-033 B-665906 | ||
| 020 |
_a9789350732045 _c400.00 |
||
| 035 | _aU-132 B-548030-033 B-665906 | ||
| 037 | _bBPPD/Pub/Ven | ||
| 037 | _bPansy Books(Vend.)/Edu.Pub. House(Pub.) | ||
| 040 |
_aDPL _bUrdu |
||
| 082 | _a004 | ||
| 100 | _aر ا بعہ نسيم | ||
| 245 |
_aکمپيو ٹر شنا سی _cر ا بعہ نسيم |
||
| 246 |
_aComputer Shanasi _bby Rabia Naseem |
||
| 260 |
_aد ھلی _bا يجو کيشنل پبليشنگ ہا ؤس _c2013 |
||
| 260 | _bPansy Books(Vender) | ||
| 270 |
_a3108،و کيل اسٹر يٹ ،کو چہ پنڈ ت ،لال کنو ا ن _bد ھلی _e110006 _k23216162،23214465 |
||
| 270 |
_aR2,/66/A Somesh Vihar,Chhawala _bNew Delhi _e110071 _k01125317355 |
||
| 300 |
_a438ص _c22Cm (Hb) |
||
| 942 |
_2ddc _cUR _e _h 004 _mر ا ب |
||
| 999 |
_c87379 _d87379 |
||